[Event "Naantali Avoin op"]
[Site "Naantali"]
[Date "2017.07.04"]
[Round "2"]
[White "Louhi, Tapio"]
[Black "Riekkinen, Keijo"]
[Result "1-0"]
[WhiteElo "1608"]
[BlackElo "1747"]
[PlyCount "59"]
[EventDate "2017.07.03"]
[EventType "swiss"]
[EventRounds "7"]
[EventCountry "FIN"]
[SourceTitle "EXT 2018"]
[Source "ChessBase"]
[SourceDate "2017.10.13"]
[SourceVersion "1"]
[SourceVersionDate "2017.10.13"]
[SourceQuality "1"]

1. Nf3 e6 2. c4 d5 3. cxd5 exd5 4. Nc3 Nf6 5. d4 Bb4 6. Qa4+ Nc6 7. Ne5 Bxc3+ 8. bxc3 Bd7 9. Nxd7 Qxd7 10. Ba3 Ne4 11. Qc2 Nd6 12. e3 0-0 13. Be2 Rfe8 14. 0-0 a6 15. Bf3 Ne4 16. c4 f5 17. cxd5 Qxd5 18. Rab1 Rab8 19. Rfc1 Qa5 20. Qb3+ Kh8 21. Bxe4 fxe4 22. Rxc6 h6 23. Rc5 b5 24. h3 Qb6 25. Rbc1 Rb7 26. Rc6 Qa7 27. Qf7 Rc8 28. d5 b4 29. Bb2 Rg8 30. Rxh6# 1-0

[Event "Naantali Avoin op"]
[Site "Naantali"]
[Date "2016.07.06"]
[Round "4"]
[White "Riekkinen, Keijo"]
[Black "Raivio, Erkki"]
[Result "1/2-1/2"]
[WhiteElo "1746"]
[BlackElo "1749"]
[PlyCount "164"]
[EventDate "2016.07.04"]
[EventType "swiss"]
[EventRounds "9"]
[EventCountry "FIN"]
[SourceTitle "EXT 2017"]
[Source "ChessBase"]
[SourceDate "2016.10.25"]
[SourceVersion "1"]
[SourceVersionDate "2016.10.25"]
[SourceQuality "1"]

1. c4 c6 2. d4 d5 3. e3 Bf5 4. Qb3 Qb6 5. Qxb6 axb6 6. Nc3 e6 7. f3 Nf6 8. g4 Bg6 9. h4 h6 10. Bd2 Bd6 11. Kf2 Nbd7 12. Be2 0-0 13. Nh3 dxc4 14. Bxc4 b5 15. Be2 Nd5 16. e4 Nxc3 17. bxc3 Nb6 18. Nf4 Bh7 19. g5 hxg5 20. hxg5 g6 21. Rh3 Kg7 22. e5 Be7 23. Ng2 Nc4 24. Bxc4 bxc4 25. f4 Ba3 26. Rah1 Rh8 27. Ne3 b5 28. Ng4 Be7 29. Nf6 Bxf6 30. gxf6+ Kg8 31. Ra1 Ra3 32. Bc1 Ra8 33. a3 Ra4 34. Be3 Ra8 35. Kf3 Ra4 36. Bf2 Ra8 37. Bh4 g5 38. Bxg5 Be4+ 39. Kg3 Rxh3+ 40. Kxh3 Kh7 41. Kg3 Kg6 42. Ra2 Bb1 43. Ra1 Be4 44. Kg4 Bf5+ 45. Kf3 Bd3 46. Ke3 Kf5 47. Rg1 Kg6 48. Ra1 Kf5 49. Bh6 Kg6 50. Bg7 Kh5 51. Kf3 Ra4 52. Bf8 Ra8 53. Be7 Rg8 54. a4 bxa4 55. Rxa4 Kh4 56. Bb4 Rg3+ 57. Kf2 Rg4 58. Ra8 Rxf4+ 59. Ke3 Kg4 60. Rg8+ Bg6 61. Bc5 Rf3+ 62. Kd2 Rf2+ 63. Kc1 Rf1+ 64. Kb2 Kh5 65. Ka3 Rb1 66. Ka4 Rb2 67. Ka5 Rb5+ 68. Ka6 Be4 69. Rg7 Bg6 70. Bd6 Kh6 71. Rg8 Kh7 72. Rc8 Be4 73. Bc5 Kh6 74. Bb6 Rb3 75. Ba5 Rb5 76. Rh8+ Kg6 77. Rh4 Bf5 78. Rh1 Be4 79. Re1 Bf5 80. Bb6 Rb3 81. Rc1 Rb1 82. Rxb1 Bxb1 1/2-1/2

[Event "FIN-chT2 Gp1 1516"]
[Site "Finland"]
[Date "2015.11.07"]
[Round "3.4"]
[White "Khanov, Pavel"]
[Black "Riekkinen, Keijo"]
[Result "1-0"]
[WhiteElo "1857"]
[BlackElo "1773"]
[PlyCount "83"]
[EventDate "2015.09.12"]
[EventType "team-tourn"]
[EventRounds "6"]
[EventCountry "FIN"]
[SourceTitle "EXT 2017"]
[Source "ChessBase"]
[SourceDate "2016.10.25"]
[SourceVersion "1"]
[SourceVersionDate "2016.10.25"]
[SourceQuality "1"]
[WhiteTeam "Helsinki HSK III"]
[BlackTeam "Salo SalSK II"]
[WhiteTeamCountry "FIN"]
[BlackTeamCountry "FIN"]

1. d4 d5 2. c4 c6 3. Nf3 Nf6 4. g3 g6 5. Bg2 Bg7 6. 0-0 0-0 7. Nc3 e6 8. b3 Nbd7 9. Ba3 Re8 10. Bd6 Ne4 11. Nxe4 dxe4 12. Ne5 f5 13. c5 Nf6 14. b4 Bf8 15. Nc4 b5 16. Bxf8 Rxf8 17. Ne5 Bb7 18. a4 a6 19. Qd2 Nd5 20. Qb2 Qc7 21. Ra3 a5 22. axb5 axb4 23. Rxa8 Rxa8 24. b6 Qc8 25. Ra1 Rxa1+ 26. Qxa1 Ba6 27. Nxc6 Bb7 28. Ne5 g5 29. Qa7 Ne7 30. Qa4 Nc6 31. Nxc6 Bxc6 32. Qxb4 g4 33. e3 h5 34. Bf1 h4 35. Qb3 Kf7 36. Bc4 Kf6 37. d5 exd5 38. Bxd5 Bxd5 39. Qxd5 Qa6 40. Qd4+ Kg5 41. Qg7+ Kh5 42. gxh4 1-0

[Event "FIN-chT2 Gp1 1516"]
[Site "Finland"]
[Date "2015.09.12"]
[Round "1.4"]
[White "Riekkinen, Keijo"]
[Black "Koskinen, Antti"]
[Result "0-1"]
[WhiteElo "1773"]
[BlackElo "2019"]
[PlyCount "90"]
[EventDate "2015.09.12"]
[EventType "team-tourn"]
[EventRounds "6"]
[EventCountry "FIN"]
[SourceTitle "EXT 2017"]
[Source "ChessBase"]
[SourceDate "2016.10.25"]
[SourceVersion "1"]
[SourceVersionDate "2016.10.25"]
[SourceQuality "1"]
[WhiteTeam "Salo SalSK II"]
[BlackTeam "Turku TuTS II"]
[WhiteTeamCountry "FIN"]
[BlackTeamCountry "FIN"]

1. c4 Nf6 2. Nc3 d5 3. cxd5 Nxd5 4. g3 c6 5. Bg2 Nxc3 6. bxc3 e5 7. Nf3 Bd6 8. 0-0 0-0 9. d4 Nd7 10. Qc2 Qc7 11. Ng5 Nf6 12. f4 exd4 13. cxd4 c5 14. d5 Re8 15. Bb2 h6 16. Bxf6 hxg5 17. Bxg5 f6 18. Bh4 Re3 19. Rf3 Qe7 20. Rxe3 Qxe3+ 21. Kh1 Kf7 22. Qe4 Qxe4 23. Bxe4 Bg4 24. Bf3 Bxf3+ 25. exf3 b5 26. Re1 c4 27. Kg2 c3 28. Re2 Rc8 29. Rc2 b4 30. f5 a5 31. g4 Rc5 32. Be1 Rxd5 33. h4 a4 34. Kf1 Be5 35. Ke2 Rb5 36. Kd3 b3 37. axb3 axb3 38. Rc1 c2 39. g5 Bf4 40. g6+ Ke8 41. Rxc2 bxc2 42. Kxc2 Rxf5 43. Kd3 Bg3 44. Bc3 Rxf3+ 45. Kc4 Bxh4 0-1

[Event "Naantali op"]
[Site "Naantali"]
[Date "2015.06.30"]
[Round "2"]
[White "Saharinen, Petri"]
[Black "Riekkinen, Keijo"]
[Result "0-1"]
[WhiteElo "1854"]
[BlackElo "1759"]
[PlyCount "38"]
[EventDate "2015.06.29"]
[EventType "swiss"]
[EventRounds "9"]
[EventCountry "FIN"]
[SourceTitle "EXT 2016"]
[Source "ChessBase"]
[SourceDate "2015.10.08"]
[SourceVersion "1"]
[SourceVersionDate "2015.10.08"]
[SourceQuality "1"]

1. d4 f5 2. e4 d6 3. Nc3 Nf6 4. exf5 Bxf5 5. Bd3 Bg4 6. f3 Bd7 7. Bg5 c6 8. Nge2 Qa5 9. h4 Na6 10. a3 b5 11. 0-0 Nc7 12. Bxf6 gxf6 13. Nf4 Bh6 14. Nce2 e5 15. dxe5 fxe5 16. Re1 0-0-0 17. Nh5 Qb6+ 18. Kh1 Qf2 19. Rf1 Qxh4+ 0-1

[Event "IPCA Wch 14th"]
[Site "Apatin"]
[Date "2014.09.23"]
[Round "9"]
[White "Riekkinen, Keijo"]
[Black "Kaydanovich, Marina"]
[Result "1-0"]
[WhiteElo "1671"]
[BlackElo "1824"]
[PlyCount "137"]
[EventDate "2014.09.16"]
[EventType "swiss"]
[EventRounds "9"]
[EventCountry "SRB"]
[SourceTitle "CBM 162 Extra"]
[Source "ChessBase"]
[SourceDate "2014.10.17"]
[SourceVersion "1"]
[SourceVersionDate "2014.10.17"]
[SourceQuality "1"]

1. c4 Nc6 2. Nc3 e5 3. g3 Nf6 4. Bg2 Bb4 5. e3 Bxc3 6. bxc3 0-0 7. d4 exd4 8. cxd4 d5 9. cxd5 Nxd5 10. Bd2 Re8 11. Ne2 Bg4 12. f3 Bh5 13. e4 Nb6 14. d5 Ne5 15. Nf4 Bg6 16. 0-0 Nec4 17. Bc1 Qf6 18. Rb1 Rad8 19. Qb3 Qd4+ 20. Kh1 Nd2 21. Bxd2 Qxd2 22. Rfd1 Qa5 23. Rdc1 Re7 24. h4 h6 25. Nxg6 fxg6 26. d6+ Rf7 27. Rxc7 Rdd7 28. Rxd7 Nxd7 29. Bh3 Nc5 30. Qd5 Qc3 31. Rf1 Kf8 32. d7 Nxd7 33. Bxd7 Rxf3 34. Qd6+ Kg8 35. Rxf3 Qxf3+ 36. Kg1 Qe3+ 37. Kf1 Qf3+ 38. Ke1 Qxe4+ 39. Kd2 Qg2+ 40. Kc3 Qf3+ 41. Kd4 Qf2+ 42. Kc3 Qe3+ 43. Qd3 Qe5+ 44. Kb3 a5 45. Bb5 Kh7 46. Bc4 Qc5 47. a3 h5 48. Qd5 Qe3+ 49. Ka4 Qe8+ 50. Kxa5 Qe1+ 51. Kb6 Qe3+ 52. Kxb7 Qe7+ 53. Ka6 Qxa3+ 54. Kb7 Qe7+ 55. Kc6 Qe8+ 56. Kc5 Qe3+ 57. Kb4 Qb6+ 58. Kc3 Qe3+ 59. Qd3 Qe1+ 60. Kd4 Qf2+ 61. Qe3 Qb2+ 62. Ke4 Qg2+ 63. Qf3 Qc2+ 64. Bd3 Qa4+ 65. Ke3 Qa7+ 66. Ke2 Qd4 67. Qxh5+ Kg8 68. Qxg6 Qe5+ 69. Kf2 1-0

[Event "IPCA Wch 14th"]
[Site "Apatin"]
[Date "2014.09.18"]
[Round "4"]
[White "Tocklin, Tomi"]
[Black "Riekkinen, Keijo"]
[Result "1-0"]
[WhiteElo "1859"]
[BlackElo "1671"]
[PlyCount "159"]
[EventDate "2014.09.16"]
[EventType "swiss"]
[EventRounds "9"]
[EventCountry "SRB"]
[SourceTitle "CBM 162 Extra"]
[Source "ChessBase"]
[SourceDate "2014.10.17"]
[SourceVersion "1"]
[SourceVersionDate "2014.10.17"]
[SourceQuality "1"]

1. e4 d6 2. d4 Nf6 3. Nc3 g6 4. h3 Bg7 5. Be3 0-0 6. Nf3 Nbd7 7. Be2 c6 8. a4 e5 9. dxe5 dxe5 10. 0-0 Qe7 11. a5 Rd8 12. Nd2 Nc5 13. Qc1 Ne6 14. Nb3 Nd4 15. Bc4 Rb8 16. Rd1 Nh5 17. Ne2 Nxe2+ 18. Bxe2 b6 19. Rxd8+ Qxd8 20. Qd1 Qxd1+ 21. Rxd1 Be6 22. axb6 axb6 23. Ra1 Nf4 24. Nc1 Nxe2+ 25. Nxe2 Bc4 26. Kf1 f5 27. f3 f4 28. Bd2 c5 29. b3 Bf7 30. Bc3 b5 31. Rd1 Bf6 32. Bb2 b4 33. Rd6 Bg7 34. Rc6 c4 35. bxc4 b3 36. cxb3 Rxb3 37. Rc8+ Bf8 38. Bxe5 Rb1+ 39. Kf2 Be6 40. Ra8 Kf7 41. Nxf4 Bc5+ 42. Kg3 Bxc4 43. Rc8 Rb5 44. Rc7+ Kg8 45. Rg7+ Kf8 46. Rxh7 Be7 47. Rh8+ Kf7 48. Nd5 Bxd5 49. exd5 Bb4 50. Rh7+ Ke8 51. Rh8+ Kd7 52. Bf6 Ba5 53. Rg8 Rxd5 54. Rxg6 Rd6 55. h4 Kc6 56. h5 Kd5 57. Rg5+ Ke6 58. Rxa5 Kxf6 59. Kg4 Rd4+ 60. f4 Rd8 61. Ra6+ Kf7 62. g3 Kg8 63. Kf3 Rc8 64. Ra3 Kg7 65. g4 Kh6 66. Ra6+ Kh7 67. g5 Re8 68. Kg4 Re7 69. Kf5 Kg7 70. h6+ Kh7 71. Kf6 Rc7 72. Re6 Kh8 73. g6 Rc8 74. Kg5 Rb8 75. f5 Rc8 76. Re7 Rb8 77. Kf6 Rc8 78. g7+ Kh7 79. Kf7 Rb8 80. Re8 1-0